Statistics for US States Containing E

Click here to take the quiz!

General Stats

  • This quiz has been taken 420 times
  • The average score is 18 of 20

Answer Stats

state% Correct
New Mexico
98%
New Hampshire
97%
New York
97%
New Jersey
96%
Texas
96%
Oregon
94%
Kentucky
93%
Nebraska
93%
Maine
92%
Nevada
92%
Vermont
92%
Delaware
91%
Georgia
91%
Tennessee
90%
West Virginia
88%
Pennsylvania
87%
Rhode Island
86%
Minnesota
84%
Connecticut
80%
Massachusetts
76%

Score Distribution

Percentile by Number Answered

Percent of People with Each Score

Your Score History

You have not taken this quiz